| 000 | 01161cam a2200313 i 4500 | ||
|---|---|---|---|
| 001 | 47953 | ||
| 003 | Mx-PuUPA | ||
| 005 | 20240410104031.0 | ||
| 008 | 140415s2002 mx r 000 0 spa d | ||
| 020 | _a9682324092 | ||
| 040 |
_aMX-PuUPA _bspa _erda _cMx-PuUPA _dMx-PuUPA |
||
| 041 | 1 |
_aspa _hita |
|
| 100 | 1 |
_aGalimberti, Umberto, _d1942- _eautor _95192 |
|
| 240 | 1 | 0 |
_aDizionario di psicologia. _lEspañol |
| 245 | 1 | 0 |
_aDiccionario de psicología / _cUmberto Galimberti ; traducción de María Emilia G. de Quevedo. |
| 250 | _aPrimera edición | ||
| 264 | 1 |
_aMéxico, D. F. : _bSiglo XXI Editores, _c2002 |
|
| 300 |
_a1221 páginas ; _c24 cm. |
||
| 336 |
_atexto _2rdacontent _btxt |
||
| 337 |
_asin medio _2rdamedia _bn |
||
| 338 |
_avolumen _2rdacarrier _bnc |
||
| 490 | 0 | _aPsicología y Psicoanálisis | |
| 650 | 4 |
_aPsicología _vDiccionarios |
|
| 700 | 1 |
_aG. de Quevedo, María Emilia, _etraductor |
|
| 765 | 0 | 8 |
_aGalimberti, Umberto, _bPrimera edición _dTurín : Unione Tipografico-editrice torinese, 1992 _tDizionario di psicologia _z8802046131 |
| 942 |
_2ddc _cLI _h150.3 _iG146 |
||
| 999 |
_c47953 _d47953 |
||